| 000 | 01470cam a22004334a 4500 | ||
|---|---|---|---|
| 001 | 5962385 | ||
| 003 | ARRUPE | ||
| 005 | 20160804102213.0 | ||
| 008 | 060502s2006 enk b 001 0 eng | ||
| 010 | _a 2006045280 | ||
| 015 |
_aGBA646707 _2bnb |
||
| 016 | 7 |
_a013464883 _2Uk |
|
| 020 | _a1842774948 (hbk.) | ||
| 020 | _a1842774956 (pbk.) | ||
| 024 | 3 | _c9781842774946 (hbk.) | |
| 024 | 3 | _c9781842774953 (pbk.) | |
| 029 | 1 |
_aNLGGC _b294406565 |
|
| 029 | 1 |
_aYDXCP _b100438118 |
|
| 035 | _a(OCoLC)ocm68416965 | ||
| 035 | _a(NNC)5962385 | ||
| 040 |
_aDLC _cDLC _dUKM _dBAKER _dBWKUK _dYDXCP |
||
| 042 | _apcc | ||
| 043 | _af------ | ||
| 050 | 0 | 0 |
_aHD1333.A35 _bM36 2006 |
| 082 | 0 | 0 |
_a333.3/16 _222 |
| 100 | 1 |
_aManji, Ambreena S. _924616 |
|
| 245 | 1 | 4 |
_aThe politics of land reform in Africa : _bfrom communal tenure to free markets / _cAmbreena Manji. |
| 260 |
_aLondon ; _aNew York : _bZed, _c2006. |
||
| 300 |
_a149 p. ; _c23 cm. |
||
| 500 | _aIncludes index. | ||
| 650 | 0 |
_aLand reform _zAfrica. _924617 |
|
| 650 | 0 |
_aLand tenure _zAfrica _922151 |
|
| 856 | 4 | 2 |
_3Contributor biographical information _uhttp://www.loc.gov/catdir/enhancements/fy0659/2006045280-b.html |
| 856 | 4 | 2 |
_3Publisher description _uhttp://www.loc.gov/catdir/enhancements/fy0659/2006045280-d.html |
| 856 | 4 | 1 |
_3Table of contents _uhttp://www.loc.gov/catdir/enhancements/fy0659/2006045280-t.html |
| 942 |
_2lcc _cMONOGRAPH |
||
| 948 | 1 |
_a20061208 _bc _csds12 _dMPS |
|
| 999 |
_c124856 _d124856 |
||